Jicho la ndani / (Record no. 13715)

MARC details
000 -LEADER
fixed length control field 00581nam a22002052 4500
001 - CONTROL NUMBER
control field 0000019710
005 - DATE AND TIME OF LATEST TRANSACTION
control field 20151217155902.0
008 - FIXED-LENGTH DATA ELEMENTS--GENERAL INFORMATION
fixed length control field 110121s xx 000 0 eng d
020 ## - INTERNATIONAL STANDARD BOOK NUMBER
International Standard Book Number 9966497528 :
040 ## - CATALOGING SOURCE
Original cataloging agency KABU
Transcribing agency KABU
100 1# - MAIN ENTRY--PERSONAL NAME
Personal name Mohamed, Said A.
-- 0000152151
245 10 - TITLE STATEMENT
Title Jicho la ndani /
Statement of responsibility, etc. Said A. Mohamed.
250 ## - EDITION STATEMENT
Edition statement 1st ed.
260 ## - PUBLICATION, DISTRIBUTION, ETC. (IMPRINT)
Place of publication, distribution, etc. Nairobi, Kenya :
Name of publisher, distributor, etc. Longhorn,
Date of publication, distribution, etc. 2002.
300 ## - PHYSICAL DESCRIPTION
Extent xiv, 176 p.
650 #0 - SUBJECT ADDED ENTRY--TOPICAL TERM
Topical term or geographic name as entry element Swahili literature.
-- 0000178735
852 1# - LOCATION
-- p400 KES
908 ## - PUT COMMAND PARAMETER (RLIN)
Put command parameter 110121
950 ## - LOCAL HOLDINGS (RLIN)
-- 1
Holdings
Withdrawn status Lost status Source of classification or shelving scheme Not for loan Home library Current library Date acquired Total Checkouts Full call number Barcode Date last seen Date last checked out Price effective from Koha item type
    Library of Congress Classification   Kabarak, Main Campus Kabarak, Main Campus 17/12/2015 2 PL8704 .M64J53 2002 c.1 22864 03/06/2019 27/05/2019 17/12/2015 Africana Collection
Designed with assistance from East African Informatics Ltd